[Event "TUR-chT 2nd League"]
[Site "Denizli"]
[Date "2023.07.09"]
[Round "1.86"]
[White "Polat, Ali Gorkem"]
[Black "Avcul, Tugrahan"]
[Result "1-0"]
[WhiteElo "1612"]
[BlackElo "1354"]
[PlyCount "61"]
[EventDate "2023.07.09"]
[EventType "team-swiss"]
[EventRounds "9"]
[EventCountry "TUR"]
[SourceTitle "CBM 215 Extra"]
[Source "ChessBase"]
[SourceDate "2023.09.30"]
[SourceVersion "1"]
[SourceVersionDate "2023.09.30"]
[SourceQuality "1"]
[WhiteTeam "Mersin Altin Piyon"]
[BlackTeam "Karaman Yunus Emre"]
[WhiteTeamCountry "TUR"]
[BlackTeamCountry "TUR"]

1. d4 f5 2. Nf3 e6 3. e3 Nf6 4. b3 b6 5. Bb2 Bb7 6. Nbd2 d5 7. Ne5 Bd6 8. Be2 0-0 9. 0-0 Nbd7 10. f4 Ne4 11. Nxe4 fxe4 12. Bb5 Bxe5 13. dxe5 c6 14. Be2 Qe7 15. Qe1 Qc5 16. Bd4 Qe7 17. g4 Rad8 18. Qg3 c5 19. Bb2 Nb8 20. Rad1 Nc6 21. c3 Bc8 22. h4 a6 23. g5 g6 24. h5 Kf7 25. Kg2 Rh8 26. Rh1 Rdf8 27. Rh4 Qd8 28. Rdh1 Ne7 29. Qh3 Kg7 30. hxg6 hxg6 31. Rh7+ 1-0

[Event "TUR Cup"]
[Site "Antalya"]
[Date "2017.02.01"]
[Round "7"]
[White "Gobut, Huseyin"]
[Black "Polat, Ali Gorkem"]
[Result "0-1"]
[WhiteElo "1154"]
[BlackElo "1321"]
[PlyCount "50"]
[EventDate "2017.01.28"]
[EventType "swiss"]
[EventRounds "11"]
[EventCountry "TUR"]
[SourceTitle "CBM 176 Extra"]
[Source "ChessBase"]
[SourceDate "2017.03.02"]
[SourceVersion "1"]
[SourceVersionDate "2017.03.02"]
[SourceQuality "1"]

1. e4 d6 2. Nf3 Nf6 3. Nc3 g6 4. Bc4 Bg7 5. d4 0-0 6. 0-0 c6 7. Be3 b5 8. Bd3 a6 9. a3 Qc7 10. b4 Nfd7 11. Qd2 c5 12. Nd5 Qd8 13. bxc5 dxc5 14. c3 e6 15. Nf4 c4 16. Bc2 Bb7 17. a4 e5 18. Nd5 Bxd5 19. exd5 exd4 20. Nxd4 Ne5 21. Be4 bxa4 22. Rxa4 Qd7 23. Rfa1 f5 24. Bf3 Nxf3+ 25. Nxf3 Re8 0-1

[Event "TUR Cup"]
[Site "Antalya"]
[Date "2017.01.29"]
[Round "3"]
[White "Esti, Kubra Selenay"]
[Black "Polat, Ali Gorkem"]
[Result "0-1"]
[WhiteElo "1595"]
[BlackElo "1321"]
[PlyCount "144"]
[EventDate "2017.01.28"]
[EventType "swiss"]
[EventRounds "11"]
[EventCountry "TUR"]
[SourceTitle "CBM 176 Extra"]
[Source "ChessBase"]
[SourceDate "2017.03.02"]
[SourceVersion "1"]
[SourceVersionDate "2017.03.02"]
[SourceQuality "1"]

1. e4 g6 2. d4 Bg7 3. Nc3 d6 4. Bc4 Nf6 5. Qe2 c6 6. e5 dxe5 7. dxe5 Nd5 8. Nxd5 cxd5 9. Bb3 0-0 10. h3 Nc6 11. Nf3 Qc7 12. Bf4 Bf5 13. c3 Be4 14. 0-0 Bxf3 15. gxf3 Qd7 16. Bg3 Qf5 17. Rfe1 e6 18. Kg2 Qg5 19. f4 Qe7 20. Rad1 Rfd8 21. f3 Qc7 22. Bf2 Bh6 23. Be3 Na5 24. h4 Nxb3 25. axb3 Bf8 26. h5 Bc5 27. Bd4 Qb6 28. h6 Bxd4 29. Rxd4 a5 30. b4 Qc6 31. Qf2 a4 32. Ra1 b5 33. Qh4 Qe8 34. Ra3 Rdc8 35. Rd1 Rc4 36. Rd3 Rac8 37. Kg3 Rd8 38. Kf2 d4 39. Kg3 Rd5 40. cxd4 Rxb4 41. Rac3 Rc4 42. b3 axb3 43. Rxb3 Qf8 44. Rb1 b4 45. Ra1 Rcxd4 46. Rxd4 Rxd4 47. Qf6 Rd8 48. Rb1 Rb8 49. Qh4 b3 50. Qh2 Qa3 51. Rb2 Qb4 52. Qh1 Qc3 53. Qa1 Qb4 54. Qd1 Kf8 55. Qg1 Ke7 56. Qa7+ Rb7 57. Qe3 Qa3 58. Qc3 Qb4 59. Qc6 Qb6 60. Qc3 Qb5 61. Rxb3 Qxb3 62. Qc5+ Kd8 63. Qf8+ Kc7 64. Qd6+ Kc8 65. Qf8+ Kd7 66. Qd6+ Ke8 67. Qc6+ Rd7 68. Qc8+ Ke7 69. Qc5+ Kd8 70. Qa5+ Kc8 71. Qa8+ Qb8 72. Qc6+ Rc7 0-1